[Event "Oslo op3b"]
[Site "Oslo"]
[Date "2005.03.25"]
[Round "4"]
[White "Jensen, Morten"]
[Black "Indrebo, Kyrre"]
[Result "0-1"]
[WhiteElo "1760"]
[BlackElo "1554"]
[PlyCount "90"]
[EventDate "2005.03.23"]
[EventType "swiss"]
[EventRounds "9"]
[EventCountry "NOR"]
[SourceTitle "EXT 2007"]
[Source "ChessBase"]
[SourceDate "2006.11.23"]
[SourceVersion "1"]
[SourceVersionDate "2006.11.23"]
[SourceQuality "1"]

1. d4 e6 2. c4 Nf6 3. Nc3 Bb4 4. e3 b6 5. a3 Bxc3+ 6. bxc3 c5 7. Bd3 Nc6 8. Ne2 0-0 9. e4 Ne8 10. 0-0 Ba6 11. Be3 Nd6 12. dxc5 Nxc4 13. Bxc4 Bxc4 14. Re1 Bxe2 15. Rxe2 Qc7 16. Rd2 Rfd8 17. cxb6 axb6 18. Rb1 Ra6 19. Qb3 Rda8 20. Ra1 Na5 21. Qd1 R6a7 22. Qg4 Nc4 23. Bh6 Qe5 24. Rd4 b5 25. Rad1 f5 26. exf5 exf5 27. Qg5 d6 28. Rd5 Qe6 29. Rxf5 Qxh6 30. Qg4 Rxa3 31. Rxb5 Ne5 32. Qd4 Qe6 33. Rdb1 Ra1 34. f4 Ng4 35. Kf1 Ne3+ 36. Kg1 Ng4 37. Kf1 Ne3+ 38. Kg1 Nf5 39. Qd1 Qe3+ 40. Kf1 Rxb1 41. Qxb1 Qxf4+ 42. Kg1 Rf8 43. Qb3+ Kh8 44. Rb8 Qe3+ 45. Kf1 Ng3# 0-1

[Event "Oslo op2"]
[Site "Oslo"]
[Date "2005.03.01"]
[Round "3"]
[White "Kofoed, Leif Morten"]
[Black "Jensen, Morten"]
[Result "1/2-1/2"]
[WhiteElo "1470"]
[BlackElo "1760"]
[PlyCount "92"]
[EventDate "2005.02.15"]
[EventType "swiss"]
[EventRounds "9"]
[EventCountry "NOR"]
[SourceTitle "EXT 2007"]
[Source "ChessBase"]
[SourceDate "2006.11.23"]
[SourceVersion "1"]
[SourceVersionDate "2006.11.23"]
[SourceQuality "1"]

1. e4 c6 2. d4 d5 3. Nc3 dxe4 4. Nxe4 Nf6 5. Ng5 h6 6. N5f3 Bf5 7. Bd3 Bxd3 8. Qxd3 e6 9. Bf4 Qa5+ 10. c3 Be7 11. Ne5 Nbd7 12. Ngf3 0-0 13. 0-0 c5 14. dxc5 Nxc5 15. Qe2 Nce4 16. Nd4 Rad8 17. Rfe1 Qd5 18. Rad1 Qxa2 19. Ng4 Nxg4 20. Qxg4 Nf6 21. Qh3 Qd5 22. Re5 Qd7 23. Bxh6 gxh6 24. Rd3 Qa4 25. Rde3 Kh7 26. Re1 Rg8 27. Qd3+ Rg6 28. h4 Kg7 29. Qe3 Ng4 30. Qe4 Nxe5 31. Nxe6+ Rxe6 32. Qxa4 f6 33. f4 Nf3+ 34. gxf3 Rxe1+ 35. Kf2 Rdd1 36. Qxa7 Rf1+ 37. Kg2 Rg1+ 38. Kf2 Rde1 39. Qxb7 Kg6 40. Qb5 f5 41. h5+ Kxh5 42. Qxf5+ Kh4 43. b4 Bd8 44. c4 Be7 45. b5 h5 46. b6 Rgf1+ 1/2-1/2

[Event "NOR-chB op"]
[Site "Asker"]
[Date "2003.05.28"]
[Round "1"]
[White "Jensen, Morten"]
[Black "Edvardsen, Ragnar"]
[Result "1/2-1/2"]
[WhiteElo "1743"]
[BlackElo "1942"]
[PlyCount "102"]
[EventDate "2003.05.??"]
[EventType "swiss"]
[EventRounds "5"]
[EventCountry "NOR"]
[SourceTitle "EXT 2005"]
[Source "ChessBase"]
[SourceDate "2004.11.15"]
[SourceVersion "1"]
[SourceVersionDate "2004.11.15"]
[SourceQuality "1"]

1. c4 e5 2. Nc3 c5 3. g3 Nc6 4. Bg2 g6 5. e3 Bg7 6. Nge2 Nge7 7. 0-0 0-0 8. Nd5 d6 9. Nec3 Rb8 10. a3 a5 11. Rb1 Be6 12. Qe2 f5 13. d3 Kh8 14. Bd2 b6 15. b4 g5 16. Nxe7 Nxe7 17. bxa5 bxa5 18. Rxb8 Qxb8 19. Rb1 Qd8 20. f4 Ng6 21. Nd5 Bxd5 22. Bxd5 exf4 23. exf4 gxf4 24. Bxf4 Nxf4 25. gxf4 Qh4 26. Qf3 Bd4+ 27. Kh1 Re8 28. Bf7 Re1+ 29. Rxe1 Qxe1+ 30. Kg2 Kg7 31. Bd5 Kf6 32. Qf1 Qxf1+ 33. Kxf1 Be3 34. a4 Bxf4 35. Kg2 Ke5 36. Bg8 h6 37. Bh7 Bd2 38. Kf3 Bg5 39. h3 h5 40. Bg6 h4 41. Bh7 Bh6 42. Bg6 Kf6 43. Bh7 Bc1 44. Bg8 Bd2 45. Bh7 Kg5 46. Bg8 Kg6 47. Be6 Bh6 48. Bg8 Kg7 49. Be6 Kf6 50. Bg8 Ke5 51. Bh7 Bc1 1/2-1/2